Chiamami col tuo nome : [romanzo] /

Saved in:
Bibliografiske detaljer
Hovedforfatter: Aciman, André
Andre forfattere: Bastia, Valeria
Format: Bog
Sprog:italiensk
Udgivet: Milano : Guanda, 2020
Udgivelse:14. ed
Serier:Tascabili Guanda
Tags: Tilføj Tag
Ingen Tags, Vær først til at tagge denne postø!

MARC

LEADER 00000nam a22000007i 4500
001 IT\ICCU\LUA\0557383
003 ItRI
005 20250510192820.0
008 200708s2020 it |||||| ||||| |||||c
020 |a 9788823524163 
040 |b ita  |c Comunitas 
041 7 |a ita  |2 ISO-639-2 
082 |a 813.54  |2 23 
100 1 |a Aciman, André  |0 IT\ICCU\TO0V\384200 
240 1 0 |a Call me by your name  |9 Aciman, André 
245 1 0 |a Chiamami col tuo nome :  |b [romanzo] /  |c André Aciman ; traduzione di Valeria Bastia. 
250 |a 14. ed 
260 |a Milano :  |b Guanda,  |c 2020 
300 |a 271 p. ;  |c 21 cm 
700 1 |a Bastia, Valeria  |0 IT\ICCU\RAVV\398407 
830 0 |a Tascabili Guanda  |0 IT\ICCU\RAV\2037377 
942 |2 ddc  |c BK 
952 |0 0  |1 0  |2 ddc  |4 0  |6 813_600000000000000_ACI_CHI  |7 0  |9 4231  |a AN  |b AN  |d 2025-05-10  |l 0  |o 813.6 ACI CHI  |p 11408  |r 2025-05-10 19:29:06  |w 2025-05-10  |y BK 
981 1 |6 z01  |a i   |b xxxe  
982 1 |6 z01  |a n 
999 |c 3251  |d 3251